Výroba pružných gumokovových dielcov

Enregistré dans:
Détails bibliographiques
Auteur principal: Ligo, Milan, 1990- (Auteur)
Autres auteurs: Bílik, Jozef, 1961- (Directeur de thèse)
Format: Manuscrit Livre
Langue:slovaque
Publié: Trnava : STU v Bratislave MTF UVTE, 2013
Sujets:
Accès en ligne:VAIS
Tags: Ajouter un tag
Pas de tags, Soyez le premier à ajouter un tag!

MARC

LEADER 00000ntm a22000003a 4500
001 stu269815
005 20150617230249.4
008 130703s2013----xo------------------slo-d
040 |a STU  |b slo 
041 0 |a slo 
044 |a xo 
100 1 |a Ligo, Milan,  |d 1990-  |4 aut  |u M  |T MTF Materiálovotechnologická fakulta  |X 6668  |U M  |Y 60  |7 A000006668 
242 0 0 |a The production of the flexible rubber-metal parts  |y eng 
245 1 |a Výroba pružných gumokovových dielcov 
260 |a Trnava :  |b STU v Bratislave MTF UVTE,  |c 2013 
650 7 |a výrobné technológie  |2 stusub 
650 7 |a Production Technologies  |2 estusub 
650 7 |a rubber  |2 estusub 
650 7 |a tlmenie vibrácií  |2 stusub 
650 7 |a kov  |2 stusub 
650 7 |a guma  |2 stusub 
700 1 |a Bílik, Jozef,  |d 1961-  |4 ths  |u M3000  |U MTF Materiálovotechnologická fakulta  |T MTF Ústav výrobných technológií  |X 1547  |U M3000  |Y 83  |7 A000001547 
856 4 |a info a plný text  |u http://is.stuba.sk/zp/portal_zp.pl?podrobnosti=78943  |3 VAIS 
996 |c M*BP-6203  |l MMSKP  |s P  |a 0  |w stu269815_0001